000 01723cam a22004814i 4500
003 PE-LiUPU
005 20250731173405.0
008 150706s r 000 0 d
020 _a9780825415135
035 _a(Sirsi) i9780825415135
040 _aPE-LiUPU
_bspa
_cPE-LiUPU
_erda
049 _aPRUA
082 0 4 _a251
_bM77
_221
100 1 _aMontoya, Alex,
_eautor.
245 1 0 _aPredicando con pasión /
_cAlex Montoya.
264 1 _aMichigan :
_bPortavoz,
_c2003.
300 _a173 páginas ;
_c22 cm.
336 _atext
_2rdacontent
337 _aunmediated
_2rdamedia
338 _avolume
_2rdacarrier
504 _aIncluye bibliografía.
505 0 _aPredique con poder espiritual -- Predique con convicción -- Predique con compasión -- Predique con autoridad -- Predique con sentido de urgencia -- Predique con quebrantamiento -- Predique con todo su ser -- Predique con imaginación.
526 _aSEG42
526 _aSEG41
526 _aSEG40
526 _aSEG39
526 _aP94
526 _aP87
526 _aP86
526 _aP85
526 _aP77
526 _aP76
526 _aP35
541 _g001-001090;
650 0 4 _aPredicación.
700 1 _aMolina, Samuel,
_etr.
910 _agl
_bjv
_clch
_d20110817
942 _2ddc
_cBOOK
949 _a251 M77
_wDEWEY
_c1
_i63295
_lCCODEBUL1
_mBUL
_p11.00
_r0
_sY
_tBOOK
_u2015-7-6
_xTEOLOGIA
_PP35
_o.STAFF. Colección General
994 _aC0
_bPEPRU
596 _a1
999 _a251 M77
_wDEWEY
_c52297
_i63295
_f2021-11-10
_g5
_lCCODEBUL1
_mBUL
_p11.00
_r0
_sY
_tBOOK
_u2015-7-6
_xTEOLOGIA
_PP35
_0COMPRA
_o.STAFF. Colección General
_d52297
980 _81
_gALBERTO SANCHEZ Responsable de Automatización